SANFL Team Nicknames - Statistics

General Stats
  • This quiz has been taken 27 times
  • The average score is 8 of 10
Answer Stats
Answer % Correct
Eagles
100%
Red Legs
100%
Tigers
100%
Bloods
78%
Bulldogs
78%
Double Blues
78%
Magpies
78%
Panthers
78%
Roosters
78%
Adelaide
56%
No matching quizzes found
Score Distribution
Percent of People with Each Score
Percentile by Number Answered
Your Score History
You have not taken this quiz